000 00512nam a2200181Ia 4500
005 20250326124441.0
008 250326s9999 xx 000 0 und d
037 _aTextbook
040 _aFMSL
_beng
_cFMSL
041 _aeng
_2eng
084 _aX:77.42 L0
_qFMSL
100 _aLockwood W W
245 0 _aState and economic enterprise in Japan
_cLockwood W W
260 _aNew Jersey
_bNew Jersey, Prentice-Hall
_c1970
300 _a753p
942 _cTB
_hX:77.42 L0
999 _c1273747
_d1273747